Logo BPK

Biblioteka

Politechniki Koszalińskiej

Pompownia wiatrowa WP-3,5 + NS / (Rekord nr 24168)

Szczegóły MARC
000 -ETYKIETA REKORDU
podpole kontrolne o stałej długości 00753nam a2200193 i 4500
001 - NUMER KONTROLNY REKORDU
pole kontrolne bg
040 ## - ŹRÓDŁO KATALOGOWANIA
Instytucja, która utworzyła rekord BPK
041 ## - KOD JĘZYKA
Kod języka tekstu pl
080 ## - UNIWERSALNA KLASYFIKACJA DZIESIĘTNA - UKD
UKD 621.51/.54
008 - POLE O STAŁEJ DŁUGOŚCI - DANE KONTROLNE
podpole kontrolne o stałej długości s pl f |000 0 pol
245 #0 - TYTUŁ/ODPOWIEDZIALNOŚĆ
Tytuł Pompownia wiatrowa WP-3,5 + NS /
Pozostałe elementy strefy tytułu i oznaczenia odpowiedzialności Tadeusz Kukla ; Inst. Budownictwa, Mechanizacji i Elektryfikacji Rolnictwa.
260 ## - STREFA ADRESU WYDAWNICZEGO
Miejsce wydania Warszawa :
Nazwa wydawcy/dystrybutora IBMER,
Data publikacji, dystrybucji/powstania dokumentu 1995.
300 ## - STREFA OPISU FIZYCZNEGO
Objętość 17, [9] s. :
Inne cechy fizyczne 1 mapa, rys., wykr. ;
Rozmiary 31 cm.
501 ## - UWAGA DOTYCZĄCA PRAC WSPÓŁWYDANYCH
Tekst uwagi Pompowanie wody w celu : nawadniania upraw, odwadniania, uzupełniania wody w zbiornikach hodowli ryb, natleniania wody za pomocą natleniacza siatkowego.
501 ## - UWAGA DOTYCZĄCA PRAC WSPÓŁWYDANYCH
Tekst uwagi Bibliogr. s. 17.
650 #9 - HASŁO PRZEDMIOTOWE W FORMIE NAZWY OGÓLNEJ LUB JEDNOSTKOWEJ
Nazwa ogólna lub geograficzna pompownia wiatrowa
710 ## - HASŁO DODATKOWE - NAZWA CIAŁA ZBIOROWEGO
Nazwa ciała zbiorowego lub jednostki geograficznej Instytut Budownictwa, Mechanizacji i Elektryfikacji Rolnictwa
856 ## - LOKALIZACJA I DOSTĘP DO ELEKTRONICZNYCH DOKUMENTÓW ZDALNYCH
Link (URL) http://koha.tu.koszalin.pl/cgi-bin/koha/opac-detail.pl?biblionumber=24168
Tekst linku Katalog online BPK
942 ## - DODATKOWE ELEMENTY (KOHA)
Typ dokumentu Katalog
Egzemplarze
Wycofany Status egzemplarza Uszkodzony Dostępność Lokalizacja stała Lokalizacja bieżąca Numer ubytku Sygnatura Kod kreskowy Typ dokumentu Miejsce przechowywania
  Egz. niedostępny   Niedostępny Biblioteka Politechniki Koszalińskiej Biblioteka Politechniki Koszalińskiej 2774 KC 2791 KC 2791 Katalog  
      Dostępny Biblioteka Politechniki Koszalińskiej Biblioteka Politechniki Koszalińskiej   KC 2792 01443578 Katalog Wypożyczalnia BG
© 2023 Biblioteka Politechniki Koszalińskiej :: KOHA